000 00760nam a22001337a 4500
040 _cRUA
082 _aAGR KOY 2015 B518 Or.1
100 _aKOY DARIN; កយ​ ដារីន
245 _aEffect of difference rate of (15.15.15) fertilizer combine with chacol on growth of cucumber at Royal University of Agriculture; ឥទ្ធិពលកម្រិតជីកែង (១៥.១៥.១៥) ផ្សេងៗគ្នាផ្សំជាមួយធ្យូងអង្កាមលើការលូតលាស់ដំណាំត្រសក់នៅសាកលវិទ្យាល័យភូមិន្ទកសិកម្ម
260 _aPhnom Penh
_bRUA
_c2015
300 _ax;55p;
_bill;
_c29cm
856 _u KOY DARIN
942 _cAGR
999 _c10562
_d10562